[Event "SVK-chT1E 2425"]
[Site "Slovakia"]
[Date "2024.12.07"]
[Round "3.7"]
[White "Hujo, Jozef"]
[Black "Simo, Marian"]
[Result "0-1"]
[WhiteElo "1885"]
[BlackElo "2057"]
[PlyCount "78"]
[EventDate "2024.11.16"]
[EventType "team-tourn"]
[EventRounds "11"]
[EventCountry "SVK"]
[SourceTitle "CB51_2024"]
[SourceDate "2024.12.18"]
[SourceVersion "1"]
[SourceVersionDate "2024.12.18"]
[SourceQuality "1"]
[WhiteTeam "Michalovce Zemplin"]
[BlackTeam "Dunajov Martin II"]
[WhiteTeamCountry "SVK"]
[BlackTeamCountry "SVK"]

1. d4 Nf6 2. Bf4 g6 3. Nd2 Bg7 4. c3 0-0 5. e4 d6 6. Be2 c5 7. dxc5 dxc5 8. Qc2 Nc6 9. Ngf3 Nh5 10. Be3 b6 11. 0-0-0 Qc7 12. g3 Nf6 13. Bf4 e5 14. Be3 Ng4 15. Rhe1 Nxe3 16. fxe3 Rb8 17. Bc4 b5 18. Bd5 Bb7 19. Nb1 c4 20. Qd2 Rbd8 21. Rf1 Bh6 22. g4 Ne7 23. Bxf7+ Kh8 24. Bd5 Nxd5 25. exd5 Rxd5 26. Qe2 Rxd1+ 27. Kxd1 Qd7+ 28. Nbd2 Bxf3 29. Rxf3 Rd8 30. h3 e4 31. Rf6 Bg5 32. Rf2 Kg7 33. Kc1 Qd3 34. Nf1 Qd6 35. Nd2 Qd3 36. Nf1 Qd5 37. Kc2 Qc5 38. Nd2 Qxe3 39. Nxc4 Qc1+ 0-1

[Event "SVK-chT2C 2425"]
[Site "Slovakia"]
[Date "2024.11.09"]
[Round "1.4"]
[White "Banduka, Zeljko"]
[Black "Simo, Marian"]
[Result "0-1"]
[WhiteElo "1993"]
[BlackElo "2057"]
[PlyCount "80"]
[EventDate "2024.11.09"]
[EventType "team-tourn"]
[EventRounds "11"]
[EventCountry "SVK"]
[SourceTitle "CB51_2024"]
[SourceDate "2024.12.18"]
[SourceVersion "1"]
[SourceVersionDate "2024.12.18"]
[SourceQuality "1"]
[WhiteTeam "Banska Bystrica PSK"]
[BlackTeam "Dunajov Martin III"]
[WhiteTeamCountry "SVK"]
[BlackTeamCountry "SVK"]

1. d4 Nf6 2. g4 Nxg4 3. e4 d5 4. h3 Nf6 5. e5 Ng8 6. Bd3 c5 7. c3 Nc6 8. Nf3 cxd4 9. cxd4 g6 10. Nc3 a6 11. Qb3 e6 12. h4 f6 13. Be3 Bh6 14. Bxh6 Nxh6 15. 0-0-0 fxe5 16. dxe5 Ng4 17. Qc2 Ngxe5 18. Nxe5 Nxe5 19. Ne4 Qb6 20. Ng5 Qc6 21. f4 Nxd3+ 22. Rxd3 Qxc2+ 23. Kxc2 Bd7 24. h5 h6 25. Nf3 gxh5 26. Rxh5 Rc8+ 27. Kd2 Rc4 28. Ne5 Ra4 29. a3 Rh7 30. Rf3 Re4 31. Ng4 Rf7 32. Rxh6 Rfxf4 33. Rh8+ Ke7 34. Rxf4 Rxf4 35. Ne5 Kd6 36. Rh7 Kxe5 37. Rxd7 b5 38. Ra7 Ra4 39. Kc3 Kd6 40. Ra8 Ke5 0-1

[Event "SVK-chT2C 2324"]
[Site "Slovakia"]
[Date "2024.02.10"]
[Round "8.4"]
[White "Cedzo, Adam"]
[Black "Simo, Marian"]
[Result "1-0"]
[WhiteElo "1927"]
[BlackElo "2018"]
[PlyCount "65"]
[EventDate "2023.10.07"]
[EventType "team-tourn"]
[EventRounds "11"]
[EventCountry "SVK"]
[SourceTitle "EXT 2025"]
[Source "ChessBase"]
[SourceDate "2024.10.14"]
[SourceVersion "1"]
[SourceVersionDate "2024.10.14"]
[SourceQuality "1"]
[WhiteTeam "Zilina Mladost"]
[BlackTeam "Dunajov Martin III"]
[WhiteTeamCountry "SVK"]
[BlackTeamCountry "SVK"]

1. e4 e6 2. Qe2 c5 3. Nf3 Nc6 4. g3 g6 5. c3 Bg7 6. Bg2 Nge7 7. 0-0 d5 8. d3 0-0 9. Nbd2 b6 10. Rd1 Ba6 11. Nf1 Qd7 12. h4 Rad8 13. e5 Qc7 14. Bf4 Kh8 15. N1h2 Ng8 16. h5 h6 17. Ng4 Qe7 18. hxg6 fxg6 19. Nh4 Kh7 20. Kh2 Rxf4 21. Nxg6 Kxg6 22. gxf4 Rf8 23. Kg3 h5 24. Rh1 h4+ 25. Rxh4 Rxf4 26. Rah1 Rf5 27. f4 Qd8 28. Ne3 Nce7 29. Rg4+ Kf7 30. Rh7 Kf8 31. Rgxg7 d4 32. Qg4 dxe3 33. Rxg8+ 1-0

[Event "SVK-chT2C 2324"]
[Site "Slovakia"]
[Date "2023.12.03"]
[Round "6.3"]
[White "Simo, Marian"]
[Black "Macko, Michal"]
[Result "1/2-1/2"]
[WhiteElo "2018"]
[BlackElo "2134"]
[PlyCount "40"]
[EventDate "2023.10.07"]
[EventType "team-tourn"]
[EventRounds "11"]
[EventCountry "SVK"]
[SourceTitle "EXT 2025"]
[Source "ChessBase"]
[SourceDate "2024.10.14"]
[SourceVersion "1"]
[SourceVersionDate "2024.10.14"]
[SourceQuality "1"]
[WhiteTeam "Dunajov Martin III"]
[BlackTeam "Liptov Chess School III"]
[WhiteTeamCountry "SVK"]
[BlackTeamCountry "SVK"]

1. e4 c5 2. Nf3 e6 3. c4 Nc6 4. Nc3 Nd4 5. d3 Ne7 6. g3 Nec6 7. Bg2 Be7 8. 0-0 0-0 9. Be3 Bf6 10. Rb1 d6 11. Qd2 Bd7 12. Ne2 Nxe2+ 13. Qxe2 a5 14. Qd2 Qb6 15. Rfd1 Nd4 16. h4 Rfe8 17. Nxd4 Bxd4 18. Bxd4 cxd4 19. a3 a4 20. Qb4 Qc5 1/2-1/2

[Event "SVK-chT1E 2223"]
[Site "Slovakia"]
[Date "2023.11.25"]
[Round "3.3"]
[White "Simo, Marian"]
[Black "Nemergut, Matej"]
[Result "0-1"]
[WhiteElo "2050"]
[BlackElo "2063"]
[PlyCount "66"]
[EventDate "2023.10.21"]
[EventType "team-tourn"]
[EventRounds "11"]
[EventCountry "SVK"]
[SourceTitle "EXT 2025"]
[Source "ChessBase"]
[SourceDate "2024.10.14"]
[SourceVersion "1"]
[SourceVersionDate "2024.10.14"]
[SourceQuality "1"]
[WhiteTeam "Dunajov Martin II"]
[BlackTeam "Kezmarok KdV"]
[WhiteTeamCountry "SVK"]
[BlackTeamCountry "SVK"]

1. e4 c5 2. Nf3 e6 3. d4 cxd4 4. Nxd4 Nf6 5. Bd3 Nc6 6. Nxc6 bxc6 7. 0-0 d5 8. Qe2 Be7 9. Bf4 0-0 10. Nd2 Nd7 11. exd5 cxd5 12. c4 e5 13. cxd5 exf4 14. d6 Bxd6 15. Qe4 Nf6 16. Qxa8 Bb4 17. Ne4 Qxd3 18. Nxf6+ gxf6 19. Rad1 Qg6 20. Rd4 Ba6 21. Qf3 Bxf1 22. Rxf4 Qxg2+ 23. Qxg2+ Bxg2 24. Kxg2 Rb8 25. Rxf6 Be7 26. Ra6 Rxb2 27. Rxa7 Bc5 28. Ra5 Rxf2+ 29. Kg3 Rc2 30. h4 Bf2+ 31. Kh3 Rc3+ 32. Kg4 Rc4+ 33. Kh5 f6 0-1

[Event "SVK-chT1E 2223"]
[Site "Slovakia"]
[Date "2023.10.21"]
[Round "1.3"]
[White "Simo, Marian"]
[Black "Varga, Lukas"]
[Result "0-1"]
[WhiteElo "2060"]
[BlackElo "2155"]
[PlyCount "69"]
[EventDate "2023.10.21"]
[EventType "team-tourn"]
[EventRounds "11"]
[EventCountry "SVK"]
[SourceTitle "EXT 2025"]
[Source "ChessBase"]
[SourceDate "2024.10.14"]
[SourceVersion "1"]
[SourceVersionDate "2024.10.14"]
[SourceQuality "1"]
[WhiteTeam "Dunajov Martin II"]
[BlackTeam "Kosice Slavia UPJS"]
[WhiteTeamCountry "SVK"]
[BlackTeamCountry "SVK"]

1. e4 c5 2. Nf3 d6 3. Bb5+ Nd7 4. 0-0 a6 5. Bxd7+ Bxd7 6. d4 cxd4 7. Qxd4 Bc6 8. c4 Nf6 9. Nc3 g6 10. Qd3 Bg7 11. Nd4 0-0 12. Be3 Qa5 13. f3 Rfc8 14. Qd2 Be8 15. Nb1 Qd8 16. Na3 Rab8 17. Rac1 Nd7 18. Kh1 Ne5 19. Rfd1 Bd7 20. Bh6 Qf8 21. Bf4 b5 22. cxb5 axb5 23. b3 Rb7 24. Qb4 Rxc1 25. Bxc1 Qa8 26. Bg5 Kf8 27. Naxb5 Qxa2 28. Qc3 Qa8 29. Rc1 f6 30. Nc7 Rxc7 31. Qxc7 fxg5 32. b4 Qa4 33. b5 Qxd4 34. b6 Nd3 35. Qc2 0-1

[Event "SVK-chT2C 2223"]
[Site "Slovakia"]
[Date "2022.11.26"]
[Round "5.2"]
[White "Durnik, Stefan"]
[Black "Simo, Marian"]
[Result "1/2-1/2"]
[WhiteElo "2076"]
[BlackElo "2110"]
[PlyCount "47"]
[EventDate "2022.10.08"]
[EventType "team-tourn"]
[EventRounds "11"]
[EventCountry "SVK"]
[SourceTitle "EXT 2024"]
[Source "ChessBase"]
[SourceDate "2023.10.10"]
[SourceVersion "1"]
[SourceVersionDate "2023.10.10"]
[SourceQuality "1"]
[WhiteTeam "Martin Medea"]
[BlackTeam "Dunajov Martin III"]
[WhiteTeamCountry "SVK"]
[BlackTeamCountry "SVK"]

1. f4 d5 2. Nf3 Nf6 3. d3 g6 4. c3 Bg7 5. Qc2 Nbd7 6. e4 dxe4 7. dxe4 Nc5 8. e5 Bf5 9. Qf2 Nfe4 10. Qd4 Ne6 11. Qe3 h5 12. Nh4 Bh6 13. g3 Qd5 14. Bg2 0-0-0 15. 0-0 Qc5 16. Na3 Rd3 17. Qxc5 N4xc5 18. Nxf5 gxf5 19. Nc2 h4 20. Nb4 hxg3 21. Nxd3 gxh2+ 22. Kh1 Nxd3 23. Be3 Ndxf4 24. Bf3 1/2-1/2

[Event "SVK-chT2C 2223"]
[Site "Slovakia"]
[Date "2022.11.12"]
[Round "3.2"]
[White "Lednicky, Martin"]
[Black "Simo, Marian"]
[Result "1/2-1/2"]
[WhiteElo "2099"]
[BlackElo "2090"]
[PlyCount "86"]
[EventDate "2022.10.08"]
[EventType "team-tourn"]
[EventRounds "11"]
[EventCountry "SVK"]
[SourceTitle "EXT 2024"]
[Source "ChessBase"]
[SourceDate "2023.10.10"]
[SourceVersion "1"]
[SourceVersionDate "2023.10.10"]
[SourceQuality "1"]
[WhiteTeam "Rajecke Teplice"]
[BlackTeam "Dunajov Martin III"]
[WhiteTeamCountry "SVK"]
[BlackTeamCountry "SVK"]

1. e4 c5 2. Nf3 e6 3. d3 Nc6 4. g3 d5 5. Nbd2 Nf6 6. Bg2 Be7 7. 0-0 0-0 8. e5 Nd7 9. Re1 Qc7 10. Qe2 b6 11. Nf1 Ba6 12. c3 Rab8 13. h4 b5 14. N1h2 b4 15. Ng4 bxc3 16. bxc3 Qa5 17. Qc2 h5 18. Ngh2 d4 19. c4 Ncxe5 20. Bf4 Nxf3+ 21. Bxf3 e5 22. Bxe5 Nxe5 23. Rxe5 Bf6 24. Rxh5 Qc3 25. Qd1 Rb2 26. Be4 g6 27. Rxc5 Bb7 28. Bxb7 Rxb7 29. Rb1 Rxb1 30. Qxb1 Re8 31. Nf3 Re2 32. Rc8+ Kg7 33. Qb8 Qc1+ 34. Kg2 Rxf2+ 35. Kxf2 Qe3+ 36. Kg2 Qe2+ 37. Kh3 Qxf3 38. Qf4 Qh1+ 39. Kg4 Bxh4 40. gxh4 f5+ 41. Kg3 Qg1+ 42. Kh3 Qh1+ 43. Qh2 Qf3+ 1/2-1/2

[Event "SVK-chT1E 2223"]
[Site "Slovakia"]
[Date "2022.11.05"]
[Round "3.5"]
[White "Simo, Marian"]
[Black "Tauber, Marek"]
[Result "1-0"]
[WhiteElo "2090"]
[BlackElo "2062"]
[PlyCount "107"]
[EventDate "2022.10.15"]
[EventType "team-tourn"]
[EventRounds "11"]
[EventCountry "SVK"]
[SourceTitle "EXT 2024"]
[Source "ChessBase"]
[SourceDate "2023.10.10"]
[SourceVersion "1"]
[SourceVersionDate "2023.10.10"]
[SourceQuality "1"]
[WhiteTeam "Dunajov Martin II"]
[BlackTeam "Kosice Slavia UPJS"]
[WhiteTeamCountry "SVK"]
[BlackTeamCountry "SVK"]

1. e4 e5 2. Nf3 d6 3. d4 Nf6 4. dxe5 Nxe4 5. Bd3 Nc5 6. 0-0 Be7 7. exd6 Qxd6 8. Bb5+ c6 9. Qxd6 Bxd6 10. Re1+ Be6 11. Bc4 0-0 12. Bxe6 Nxe6 13. Nc3 Na6 14. Ne4 Bc7 15. Bd2 Rfe8 16. Rad1 Rad8 17. g3 b6 18. h4 h6 19. Bc3 Rxd1 20. Rxd1 Rd8 21. Re1 Rd5 22. Bd2 Nac5 23. c4 Rd8 24. Nxc5 Nxc5 25. Bc3 Ne6 26. Ne5 Bxe5 27. Rxe5 c5 28. Kg2 Kf8 29. f4 Nd4 30. Kf2 Nc6 31. Re2 h5 32. f5 f6 33. Kf3 Nd4+ 34. Bxd4 Rxd4 35. b3 Kf7 36. Re3 Rd2 37. a3 Rd4 38. Ke2 Rd7 39. Rd3 Rxd3 40. Kxd3 Ke7 41. Ke3 a5 42. Ke4 Kd6 43. Kf4 Kc6 44. g4 Kd7 45. gxh5 Kd6 46. Ke4 Kc6 47. Ke3 Kd7 48. Kf3 Ke7 49. Kg3 Kd7 50. h6 gxh6 51. Kg4 Kd6 52. Kh5 Ke5 53. Kg6 h5 54. a4 1-0

[Event "SVK-chT1E 2223"]
[Site "Slovakia"]
[Date "2022.10.16"]
[Round "2.4"]
[White "Panko, Eduard1"]
[Black "Simo, Marian"]
[Result "1/2-1/2"]
[WhiteElo "2038"]
[BlackElo "2090"]
[PlyCount "46"]
[EventDate "2022.10.15"]
[EventType "team-tourn"]
[EventRounds "11"]
[EventCountry "SVK"]
[SourceTitle "EXT 2024"]
[Source "ChessBase"]
[SourceDate "2023.10.10"]
[SourceVersion "1"]
[SourceVersionDate "2023.10.10"]
[SourceQuality "1"]
[WhiteTeam "Michalovce Zemplin"]
[BlackTeam "Dunajov Martin II"]
[WhiteTeamCountry "SVK"]
[BlackTeamCountry "SVK"]

1. b3 Nf6 2. Bb2 e6 3. e3 d5 4. f4 c5 5. Nf3 Nc6 6. Bb5 Bd7 7. 0-0 Be7 8. d3 0-0 9. Bxc6 Bxc6 10. Ne5 Nd7 11. Nd2 Nxe5 12. fxe5 f5 13. exf6 Bxf6 14. Bxf6 Rxf6 15. Qg4 e5 16. Rxf6 Qxf6 17. Rf1 Qe7 18. e4 Re8 19. a4 a6 20. h3 g6 21. Rf2 Kg7 22. exd5 Bxd5 23. Ne4 Bxe4 1/2-1/2

[Event "SVK-chT1E 2223"]
[Site "Slovakia"]
[Date "2022.10.15"]
[Round "1.4"]
[White "Simo, Marian"]
[Black "Kravec, Patrik"]
[Result "1-0"]
[WhiteElo "2090"]
[BlackElo "2120"]
[PlyCount "89"]
[EventDate "2022.10.15"]
[EventType "team-tourn"]
[EventRounds "11"]
[EventCountry "SVK"]
[SourceTitle "EXT 2024"]
[Source "ChessBase"]
[SourceDate "2023.10.10"]
[SourceVersion "1"]
[SourceVersionDate "2023.10.10"]
[SourceQuality "1"]
[WhiteTeam "Dunajov Martin II"]
[BlackTeam "Humenne Reinter II"]
[WhiteTeamCountry "SVK"]
[BlackTeamCountry "SVK"]

1. e4 c5 2. Nf3 Nc6 3. b3 Nf6 4. e5 Nd5 5. Bb2 Nc7 6. Be2 Ne6 7. c3 d5 8. exd6 Qxd6 9. 0-0 Nf4 10. d4 cxd4 11. cxd4 Bg4 12. Nbd2 Qg6 13. g3 Bh3 14. Re1 Ng2 15. d5 Nxe1 16. Qxe1 Nb8 17. Ne5 Qh6 18. Ne4 Nd7 19. Bc1 Qb6 20. Be3 Qd8 21. Nxf7 Kxf7 22. Ng5+ Kg8 23. Nxh3 Nf6 24. Bg5 h6 25. Bc4 Qd7 26. d6+ Kh7 27. Be6 Qxd6 28. Qb1+ g6 29. Nf4 Rg8 30. Bxf6 exf6 31. Bxg8+ Kxg8 32. Qxg6+ Bg7 33. Nh5 Qe7 34. Rd1 Rf8 35. Rd4 Qf7 36. Rg4 Qxg6 37. Rxg6 Rf7 38. Kg2 Kh7 39. Rxg7+ Rxg7 40. Nxg7 Kxg7 41. Kf3 Kg6 42. Kf4 h5 43. b4 b5 44. h3 f5 45. Ke5 1-0

[Event "SVK-chT2C 2223"]
[Site "Slovakia"]
[Date "2022.10.09"]
[Round "2.2"]
[White "Lisko, Frantisek"]
[Black "Simo, Marian"]
[Result "1-0"]
[WhiteElo "2180"]
[BlackElo "2072"]
[PlyCount "47"]
[EventDate "2022.10.08"]
[EventType "team-tourn"]
[EventRounds "11"]
[EventCountry "SVK"]
[SourceTitle "CBM 210 Extra"]
[Source "ChessBase"]
[SourceDate "2022.11.30"]
[SourceVersion "1"]
[SourceVersionDate "2022.11.30"]
[SourceQuality "1"]
[WhiteTeam "Zilina Mladost III"]
[BlackTeam "Dunajov Martin III"]
[WhiteTeamCountry "SVK"]
[BlackTeamCountry "SVK"]

1. d4 c5 2. d5 e6 3. c4 exd5 4. cxd5 d6 5. Nc3 Nf6 6. e4 g6 7. Nge2 Bg7 8. Ng3 0-0 9. Be2 a6 10. a4 Nbd7 11. 0-0 Re8 12. Bg5 h6 13. Be3 h5 14. Bg5 Qc7 15. f4 Nh7 16. Bh4 Rb8 17. Kh1 b6 18. Bc4 Ndf8 19. e5 dxe5 20. d6 Qa7 21. f5 g5 22. Nxh5 gxh4 23. Qg4 Ng6 24. Qxg6 1-0

[Event "SVK-chT1E 2122"]
[Site "Slovakia"]
[Date "2022.05.14"]
[Round "10.5"]
[White "Kaminsky, Ladislav"]
[Black "Simo, Marian"]
[Result "0-1"]
[WhiteElo "1611"]
[BlackElo "2034"]
[PlyCount "66"]
[EventDate "2022.01.29"]
[EventType "team-tourn"]
[EventRounds "11"]
[EventCountry "SVK"]
[SourceTitle "EXT 2023"]
[Source "ChessBase"]
[SourceDate "2022.10.05"]
[SourceVersion "1"]
[SourceVersionDate "2022.10.05"]
[SourceQuality "1"]
[WhiteTeam "Sabinov"]
[BlackTeam "Dunajov Inbest II"]
[WhiteTeamCountry "SVK"]
[BlackTeamCountry "SVK"]

1. d4 Nf6 2. Nf3 e6 3. Bf4 d5 4. e3 Be7 5. Bd3 0-0 6. 0-0 Nbd7 7. Nbd2 c5 8. c3 b6 9. e4 dxe4 10. Nxe4 Bb7 11. Re1 cxd4 12. cxd4 Nxe4 13. Bxe4 Bxe4 14. Rxe4 Nf6 15. Re2 Rc8 16. Be5 Qd5 17. b3 Qb5 18. Rc2 Nd5 19. Rac1 Qa6 20. Qd2 Bb4 21. Qg5 f6 22. Qg4 Nc3 23. Qxe6+ Kh8 24. Bf4 Rfe8 25. Rxc3 Bxc3 26. Qd7 Rcd8 27. Qf7 Qe2 28. Be3 Bb2 29. Re1 Qd3 30. g3 Bc3 31. Rc1 Rxe3 32. Rxc3 Qd1+ 33. Ne1 Qxe1+ 0-1

[Event "SVK-chT2C 2122"]
[Site "Slovakia"]
[Date "2022.05.01"]
[Round "11.1"]
[White "Simo, Marian"]
[Black "Vrana, Frantisek"]
[Result "1/2-1/2"]
[WhiteElo "2052"]
[BlackElo "2213"]
[PlyCount "43"]
[EventDate "2021.10.16"]
[EventType "team-tourn"]
[EventRounds "11"]
[EventCountry "SVK"]
[SourceTitle "EXT 2023"]
[Source "ChessBase"]
[SourceDate "2022.10.05"]
[SourceVersion "1"]
[SourceVersionDate "2022.10.05"]
[SourceQuality "1"]
[WhiteTeam "Dunajov III"]
[BlackTeam "Rajecke Teplice"]
[WhiteTeamCountry "SVK"]
[BlackTeamCountry "SVK"]

1. e4 e6 2. d4 d5 3. exd5 exd5 4. Bd3 Nc6 5. c3 Bd6 6. Ne2 Qh4 7. Qb3 Nge7 8. Nd2 Bg4 9. Nf1 0-0-0 10. Ne3 Be6 11. Bd2 f5 12. 0-0-0 f4 13. g3 fxg3 14. fxg3 Qh5 15. h3 Rhf8 16. Qc2 Rf2 17. g4 Qf7 18. Rhf1 Qf3 19. Ng1 Qg3 20. Ne2 Qf3 21. Ng1 Qg3 22. Ne2 1/2-1/2

[Event "SVK-chT1E 2122"]
[Site "Slovakia"]
[Date "2022.04.24"]
[Round "9.3"]
[White "Simo, Marian"]
[Black "Sankova, Stella"]
[Result "1-0"]
[WhiteElo "2034"]
[BlackElo "2066"]
[PlyCount "71"]
[EventDate "2022.01.29"]
[EventType "team-tourn"]
[EventRounds "11"]
[EventCountry "SVK"]
[SourceTitle "EXT 2023"]
[Source "ChessBase"]
[SourceDate "2022.10.05"]
[SourceVersion "1"]
[SourceVersionDate "2022.10.05"]
[SourceQuality "1"]
[WhiteTeam "Dunajov Inbest II"]
[BlackTeam "Zvolen Slavia"]
[WhiteTeamCountry "SVK"]
[BlackTeamCountry "SVK"]

1. e4 c5 2. Nf3 d6 3. Bb5+ Bd7 4. Bxd7+ Qxd7 5. 0-0 Nf6 6. Re1 Nc6 7. d4 cxd4 8. Nxd4 g6 9. c4 Bg7 10. Nc3 Rc8 11. Be3 Ng4 12. Nxc6 Nxe3 13. Rxe3 Qxc6 14. b3 b5 15. Nxb5 Qa6 16. Nc3 Qa5 17. Qc2 h5 18. Rd1 h4 19. h3 Qg5 20. Rd5 Be5 21. Ne2 e6 22. Rd1 Kf8 23. Qd3 Rd8 24. Rf1 Bf6 25. f4 Qc5 26. Kh1 Rg8 27. Ng1 e5 28. f5 Bg5 29. Ref3 Qa5 30. fxg6 f6 31. Rxf6+ Bxf6 32. Rxf6+ Kg7 33. Rf7+ Kh6 34. Qe3+ Kxg6 35. Qf3 Kh6 36. Qf6+ 1-0

[Event "SVK-chT2C 2122"]
[Site "Slovakia"]
[Date "2022.03.27"]
[Round "9.2"]
[White "Szamos, Alexander"]
[Black "Simo, Marian"]
[Result "1-0"]
[WhiteElo "2118"]
[BlackElo "2034"]
[PlyCount "77"]
[EventDate "2021.10.16"]
[EventType "team-tourn"]
[EventRounds "11"]
[EventCountry "SVK"]
[SourceTitle "EXT 2023"]
[Source "ChessBase"]
[SourceDate "2022.10.05"]
[SourceVersion "1"]
[SourceVersionDate "2022.10.05"]
[SourceQuality "1"]
[WhiteTeam "Filakovo"]
[BlackTeam "Dunajov III"]
[WhiteTeamCountry "SVK"]
[BlackTeamCountry "SVK"]

1. Nf3 c5 2. c4 g6 3. g3 Bg7 4. Bg2 Nf6 5. 0-0 0-0 6. Nc3 d5 7. cxd5 Nxd5 8. Qb3 Nxc3 9. bxc3 Qc7 10. d4 Be6 11. Qa3 cxd4 12. cxd4 Nc6 13. Rb1 Bf5 14. Bf4 e5 15. Nxe5 Bxb1 16. Nxc6 Qb6 17. Ne7+ Kh8 18. Nd5 Qxd4 19. Rxb1 Rad8 20. Qb3 Rfe8 21. e4 b6 22. Rd1 Qc5 23. Be3 Qa5 24. Bf3 h5 25. h4 Rc8 26. Kg2 Qa6 27. Bd4 Bxd4 28. Rxd4 Rc1 29. Rd1 Rxd1 30. Qxd1 Rc8 31. Qd4+ Kh7 32. Qf6 Rf8 33. e5 Qc8 34. Ne7 Qe6 35. Nxg6 Rc8 36. Nf8+ Rxf8 37. Be4+ Kg8 38. Qg5+ Kh8 39. Qxh5+ 1-0

[Event "SVK-chT1E 2122"]
[Site "Slovakia"]
[Date "2022.03.20"]
[Round "7.6"]
[White "Simo, Marian"]
[Black "Saga, Vladimir"]
[Result "1-0"]
[WhiteElo "2034"]
[BlackElo "2023"]
[PlyCount "85"]
[EventDate "2022.01.29"]
[EventType "team-tourn"]
[EventRounds "11"]
[EventCountry "SVK"]
[SourceTitle "EXT 2023"]
[Source "ChessBase"]
[SourceDate "2022.10.05"]
[SourceVersion "1"]
[SourceVersionDate "2022.10.05"]
[SourceQuality "1"]
[WhiteTeam "Dunajov Inbest II"]
[BlackTeam "Cadca"]
[WhiteTeamCountry "SVK"]
[BlackTeamCountry "SVK"]

1. e4 c5 2. Nf3 Nc6 3. Bb5 e6 4. c3 Nf6 5. e5 Ng4 6. d4 cxd4 7. cxd4 Qa5+ 8. Nc3 Bb4 9. Qd3 f6 10. h3 fxe5 11. Bxc6 bxc6 12. hxg4 e4 13. Qxe4 Bxc3+ 14. Kf1 Bb4 15. Bg5 Qd5 16. Qb1 Ba6+ 17. Kg1 Be7 18. Rxh7 Rxh7 19. Qg6+ Kd8 20. Qxh7 Bxg5 21. Qg8+ Kc7 22. Qxa8 Be2 23. Qxa7+ Kd8 24. Qb8+ Ke7 25. Qb4+ Ke8 26. Qc5 Bxf3 27. gxf3 Bf6 28. Qxd5 exd5 29. Rd1 Kd8 30. Kf1 Kc7 31. Ke2 d6 32. b4 Kb6 33. Kd3 Kb5 34. Kc3 c5 35. bxc5 dxc5 36. f4 g6 37. Kb3 cxd4 38. Rd3 Kc5 39. a4 Bd8 40. Rh3 Bc7 41. f5 gxf5 42. g5 Be5 43. g6 1-0

[Event "SVK-chT2C 2122"]
[Site "Slovakia"]
[Date "2022.03.06"]
[Round "6.1"]
[White "Brnusak, Tomas"]
[Black "Simo, Marian"]
[Result "1-0"]
[WhiteElo "2114"]
[BlackElo "2034"]
[PlyCount "65"]
[EventDate "2021.10.16"]
[EventType "team-tourn"]
[EventRounds "11"]
[EventCountry "SVK"]
[SourceTitle "EXT 2023"]
[Source "ChessBase"]
[SourceDate "2022.10.05"]
[SourceVersion "1"]
[SourceVersionDate "2022.10.05"]
[SourceQuality "1"]
[WhiteTeam "Liptov Chess School III"]
[BlackTeam "Dunajov III"]
[WhiteTeamCountry "SVK"]
[BlackTeamCountry "SVK"]

1. e4 c5 2. Nc3 e6 3. g3 Nc6 4. Bg2 Nf6 5. f4 d5 6. d3 dxe4 7. Nxe4 e5 8. fxe5 Nxe5 9. Bf4 Ng6 10. Qe2 Nxe4 11. Bxe4 Be7 12. Bd2 0-0 13. Qg2 Bg5 14. 0-0-0 Rb8 15. Ne2 Bxd2+ 16. Rxd2 Qa5 17. Bd5 Ne7 18. Bb3 b5 19. Rf1 Bb7 20. Qf2 Bd5 21. Nc3 Bxb3 22. cxb3 Rbc8 23. Kb1 Qb6 24. d4 cxd4 25. Qxd4 Qg6+ 26. Qd3 a6 27. Qxg6 fxg6 28. Re1 Rf7 29. Ne4 Nf5 30. g4 Ne3 31. Rde2 Nxg4 32. Nd6 Rcc7 33. Re8+ 1-0

[Event "SVK-chT2C 2122"]
[Site "Slovakia"]
[Date "2022.03.05"]
[Round "5.1"]
[White "Durnik, Stefan"]
[Black "Simo, Marian"]
[Result "1/2-1/2"]
[WhiteElo "2097"]
[BlackElo "2034"]
[PlyCount "68"]
[EventDate "2021.10.16"]
[EventType "team-tourn"]
[EventRounds "11"]
[EventCountry "SVK"]
[SourceTitle "EXT 2023"]
[Source "ChessBase"]
[SourceDate "2022.10.05"]
[SourceVersion "1"]
[SourceVersionDate "2022.10.05"]
[SourceQuality "1"]
[WhiteTeam "Martin Medea"]
[BlackTeam "Dunajov III"]
[WhiteTeamCountry "SVK"]
[BlackTeamCountry "SVK"]

1. f4 Nf6 2. Nf3 b6 3. d3 d5 4. c3 Bb7 5. Qc2 e6 6. Nbd2 c5 7. e4 d4 8. Be2 Nc6 9. 0-0 Be7 10. a4 0-0 11. Nc4 Qc7 12. Bd2 Rfd8 13. Rae1 Ba6 14. e5 Nd5 15. Kh1 Bf8 16. Ng5 h6 17. Ne4 Nce7 18. Ncd6 Nf5 19. Nxf5 exf5 20. Ng3 g6 21. c4 Ne7 22. Bf3 Bb7 23. e6 Bxf3 24. exf7+ Kxf7 25. Rxf3 Re8 26. Rff1 Ng8 27. Qd1 Qc6 28. b3 Nf6 29. Rxe8 Rxe8 30. Re1 Bd6 31. Rxe8 Qxe8 32. Qe2 Ng4 33. Qxe8+ Kxe8 34. Kg1 a5 1/2-1/2

[Event "SVK-chT1E 2122"]
[Site "Slovakia"]
[Date "2022.02.27"]
[Round "5.3"]
[White "Koval, Jakub"]
[Black "Simo, Marian"]
[Result "0-1"]
[WhiteElo "2115"]
[BlackElo "2034"]
[PlyCount "154"]
[EventDate "2022.01.29"]
[EventType "team-tourn"]
[EventRounds "11"]
[EventCountry "SVK"]
[SourceTitle "EXT 2023"]
[Source "ChessBase"]
[SourceDate "2022.10.05"]
[SourceVersion "1"]
[SourceVersionDate "2022.10.05"]
[SourceQuality "1"]
[WhiteTeam "Presov Tatran Dason"]
[BlackTeam "Dunajov Inbest II"]
[WhiteTeamCountry "SVK"]
[BlackTeamCountry "SVK"]

1. b3 Nf6 2. Bb2 c5 3. e3 g6 4. Nc3 d5 5. d4 cxd4 6. Qxd4 Nc6 7. Bb5 Bg7 8. Nxd5 Nh5 9. Qc5 Bxb2 10. Rd1 Kf8 11. Nf3 Qd6 12. Qc4 Nf6 13. Nb6 Qxd1+ 14. Kxd1 axb6 15. Bxc6 Rxa2 16. Ng5 Be6 17. Nxe6+ fxe6 18. Ke2 bxc6 19. Qxe6 Ba3 20. Qxc6 Bc5 21. b4 Bxb4 22. Qc4 Rb2 23. g4 h6 24. h4 Bc5 25. Ra1 Rb4 26. Qe6 Rxg4 27. h5 Kg7 28. hxg6 Rxg6 29. Ra4 Rf8 30. Rh4 h5 31. Qe5 Rh8 32. Qf5 Rg4 33. Rxg4+ hxg4 34. Kd3 Rh3 35. Kc4 Rf3 36. Qg5+ Kf7 37. e4 Rxf2 38. e5 Rxc2+ 39. Kb3 Rc3+ 40. Ka2 g3 41. exf6 Ra3+ 42. Kb2 exf6 43. Qd5+ Kg6 44. Qg8+ Kf5 45. Qh7+ Ke5 46. Qc7+ Kf5 47. Qh7+ Kg4 48. Qg6+ Kh3 49. Qh6+ Kg2 50. Qxf6 Re3 51. Qh4 Kg1 52. Kc2 g2 53. Kd2 Re7 54. Kd1 Kf1 55. Qc4+ Kf2 56. Qf4+ Kg1 57. Qh4 Re6 58. Qg3 Bf2 59. Qh3 Re4 60. Kd2 Rh4 61. Qf3 Rh7 62. Ke2 Re7+ 63. Kd2 Re3 64. Qd1+ Kh2 65. Qh5+ Rh3 66. Qe5+ Bg3 67. Qe2 Kh1 68. Qe4 Bf4+ 69. Kd1 b5 70. Kc2 b4 71. Kb2 Be5+ 72. Ka2 b3+ 73. Ka3 b2+ 74. Ka2 Rh5 75. Kb1 Kh2 76. Qe2 Rf5 77. Ka2 Bc3 0-1